| 000 -LEADER |
| fixed length control field |
00444cam a22001097a 4500 |
| 008 - FIXED-LENGTH DATA ELEMENTS--GENERAL INFORMATION |
| fixed length control field |
180718b1959 xxu||||| |||| 00| 0 eng d |
| 082 ## - DEWEY DECIMAL CLASSIFICATION NUMBER |
| Classification number |
I5400x42 Un3 |
| 245 ## - TITLE STATEMENT |
| Title |
U.K. government information services |
| Statement of responsibility, etc. |
by Reference division, Central Office of Information, United Kingdom |
| 260 ## - PUBLICATION, DISTRIBUTION, ETC. |
| Place of publication, distribution, etc. |
London |
| Name of publisher, distributor, etc. |
Reference Division, Central Office of Information |
| Date of publication, distribution, etc. |
1959 |
| 300 ## - PHYSICAL DESCRIPTION |
| Extent |
18+p |
| 700 ## - ADDED ENTRY--PERSONAL NAME |
| Personal name |
United Kingdom. Central Office of Information. Reference Division |